| 000 | 00353nam a22001457a 4500 | ||
|---|---|---|---|
| 020 | _a9780070671539 | ||
| 040 | _cNUST | ||
| 082 | _a530 MAL | ||
| 100 |
_aMalik, Hitendra K _9112324 |
||
| 110 |
_aSingh, Ajay Kumar _9112325 |
||
| 245 | _aEngineering Physics | ||
| 260 |
_aNew Delhi; _bTaTa Mcgraw Hill, _c2010. |
||
| 650 | _aPhysics | ||
| 942 |
_2ddc _cBK |
||
| 999 |
_c594758 _d594758 |
||